000 00465nam a2200181Ia 4500
003 IN-BaIIA
008 211028s9999 xx 000 0 eng d
020 _a81-7866-111-X
040 _cIIA Library
080 _a65
_bASW
100 _aAswathappa, K
245 0 _aOrganisational behaviour
_cK. Aswathappa
250 _a5th rev. ed.
260 _aMumbai
_bHimalaya Publishing
_c2004
300 _a591p.
650 _aOrganisational behaviour
_925402
942 _cBK
999 _c14343
_d14343